| 000 | 00312nam a22001097a 4500 | ||
|---|---|---|---|
| 008 | 230605b xxu||||| |||| 00| 0 eng d | ||
| 082 |
_a330 _bCBK |
||
| 100 | _cDirector of research CBK | ||
| 245 |
_aCentral bank of kenya _bQuarterly Economic Review _cVol XXII NO. IV APRIL-june 1990 |
||
| 300 | _a59P | ||
| 942 |
_2ddc _cBK |
||
| 999 |
_c417 _d417 |
||